Confederación Española de Familias de Personas Sordas

Biblioteca

Vista normal Vista MARC
  • Rodríguez Castaño, Antonio-Ramón

Entrada Nombre de persona

Número de registros utilizados en: 1

001 - NÚMERO DE CONTROL

  • campo de control: 118

003 - IDENTIFICADOR DEL NÚMERO DE CONTROL

  • campo de control: ES-MaFIAP

005 - FECHA Y HORA DE LA ÚLTIMA TRANSACCIÓN

  • campo de control: 20220913163909.0

008 - DATOS DE LONGITUD FIJA

  • campo de control de longitud fija: 220913|| aca||aabn | a|a d

040 ## - FUENTE DE LA CATALOGACIÓN

  • Centro catalogador/agencia de origen: ES-MaFIAP
  • Centro/agencia transcriptor: ES-MaFIAP

100 ## - ENCABEZAMIENTO-NOMBRE DE PERSONA

  • Nombre de persona: Rodríguez Castaño, Antonio-Ramón

670 ## - FUENTE DE DATOS ENCONTRADOS

  • Cita de la fuente: Work cat.: (ES-MaFIAP)0: Sanjurjo González, Carmen autor aut 116, Los aspectos sociales en la contratación pública [Texto impreso] :

Esta web es posible gracias a:

Ministerio de Asuntos Sociales y Agenda 2030 Ministerio de Asuntos Sociales y Agenda 2030 Fundación ONCE

© FIAPAS 2015 | Servicio Telesor Aviso Legal y Política de Privacidad | Política de cookies | Acerca de FIAPAS
Confederación Española de Familias de Personas Sordas - C/ Pantoja, 5 (Local) – 28002 Madrid – / Tel: 91 576 51 49 – Fax: 91 576 57 46

Con tecnología Koha